Sustainable Urban Retrofit Evaluation (Record no. 121786)
[ view plain ]
| 000 -LEADER | |
|---|---|
| fixed length control field | 01283cam a2200265 4500 |
| 008 - FIXED-LENGTH DATA ELEMENTS--GENERAL INFORMATION | |
| fixed length control field | 240202t2013 000 0 eng u |
| 041 ## - LANGUAGE CODE | |
| Language code of text/sound track or separate title | eng |
| 110 2# - MAIN ENTRY--CORPORATE NAME | |
| Corporate name or jurisdiction name as entry element | Royal Institution of Chartered Surveyors |
| 9 (RLIN) | 4900 |
| 245 00 - TITLE STATEMENT | |
| Title | Sustainable Urban Retrofit Evaluation |
| Medium | [electronic resource] |
| 260 ## - PUBLICATION, DISTRIBUTION, ETC. | |
| Place of publication, distribution, etc. | London |
| Name of publisher, distributor, etc. | RICS |
| Date of publication, distribution, etc. | 2013 |
| 300 ## - PHYSICAL DESCRIPTION | |
| Extent | 66p. |
| 490 #0 - SERIES STATEMENT | |
| Series statement | RICS Research |
| 520 ## - SUMMARY, ETC. | |
| Summary, etc. | This research updates the Wilkinson study (2011), with <br/>part one examining whether there has been a shift in the <br/>Melbourne market by assessing the importance of <br/>environmental attributes in commercial office retrofits from <br/>January 2009 to July 2011. The second part of the study <br/>had two aims; firstly, to gain a deeper understanding of <br/>the improvements made to existing office buildings in the <br/>1200 Buildings Program in Melbourne, Australia |
| 650 24 - SUBJECT ADDED ENTRY--TOPICAL TERM | |
| Topical term or geographic name entry element | RETROFIT |
| 650 24 - SUBJECT ADDED ENTRY--TOPICAL TERM | |
| Topical term or geographic name entry element | SUSTAINABILITY |
| 650 24 - SUBJECT ADDED ENTRY--TOPICAL TERM | |
| Topical term or geographic name entry element | URBAN PLANNING |
| 651 #4 - SUBJECT ADDED ENTRY--GEOGRAPHIC NAME | |
| Geographic name | Australia |
| 690 ## - LOCAL SUBJECT ADDED ENTRY--TOPICAL TERM (OCLC, RLIN) | |
| Topical term or geographic name as entry element | Design & specification |
| 9 (RLIN) | 6234 |
| 700 1# - ADDED ENTRY--PERSONAL NAME | |
| Personal name | Eriksson, Clare |
| 700 1# - ADDED ENTRY--PERSONAL NAME | |
| Personal name | Rowlands, James |
| 700 1# - ADDED ENTRY--PERSONAL NAME | |
| Personal name | Johal, Amanprit |
| 700 1# - ADDED ENTRY--PERSONAL NAME | |
| Personal name | Fielder, Auriel |
| 856 48 - ELECTRONIC LOCATION AND ACCESS | |
| Uniform Resource Identifier | <a href="https://www.propertyresearchtrust.org/uploads/1/3/4/8/134819607/urban_retrofit_evaluation.pdf">https://www.propertyresearchtrust.org/uploads/1/3/4/8/134819607/urban_retrofit_evaluation.pdf</a> |
| Public note | Available from the Property Research Trust |
| 942 ## - ADDED ENTRY ELEMENTS (KOHA) | |
| Suppress in OPAC | 0 |
| Withdrawn status | Lost status | Damaged status | Not for loan | Home library | Current library | Shelving location | Date acquired | Total Checkouts | Full call number | Date last seen | Price effective from | Koha item type |
|---|---|---|---|---|---|---|---|---|---|---|---|---|
| Virtual | Virtual | 02/02/2024 | SCAN | 02/02/2024 | 02/02/2024 | News article |